[Event "Chania op"]
[Site "Chania"]
[Date "1999.08.27"]
[Round "8"]
[White "Nicolitz, St"]
[Black "Kotronias, Vasilios"]
[Result "0-1"]
[WhiteElo "2335"]
[BlackElo "2535"]
[PlyCount "106"]
[EventDate "1999.08.20"]
[EventType "swiss"]
[EventRounds "9"]
[EventCountry "GRE"]
[SourceTitle "EXT 2007"]
[Source "ChessBase"]
[SourceDate "2006.11.23"]
[SourceVersion "1"]
[SourceVersionDate "2006.11.23"]
[SourceQuality "1"]

1. d4 Nf6 2. c4 g6 3. Nc3 Bg7 4. Bg5 0-0 5. Qd2 c5 6. Nf3 cxd4 7. Nxd4 Nc6 8. Nc2 d6 9. e4 a6 10. f3 Rb8 11. Rc1 Qa5 12. a3 Nd7 13. Nb4 f6 14. Nxc6 bxc6 15. Be3 f5 16. exf5 gxf5 17. Be2 f4 18. Bxf4 Rxf4 19. Qxf4 Rxb2 20. Qe3 Rb3 21. 0-0 Rxc3 22. Rxc3 Qxc3 23. Qxe7 Qd4+ 24. Kh1 Qf6 25. Qe8+ Qf8 26. Qe4 Ne5 27. Rd1 Bf5 28. Qf4 Bc2 29. Qxf8+ Bxf8 30. Rc1 Bg6 31. c5 d5 32. Bxa6 Nd3 33. Rc3 Nxc5 34. Be2 Be8 35. Bd1 Kf7 36. Kg1 Bg7 37. Rc2 Ke7 38. Re2+ Kd8 39. Bc2 h6 40. Kf2 Bd7 41. f4 Bg4 42. Re1 Bc3 43. Rb1 d4 44. Bg6 Ke7 45. h3 Be6 46. g4 Bd5 47. Ke2 Ne4 48. Rb7+ Kf6 49. Bh7 c5 50. Rc7 Ba5 51. Rc8 c4 52. Bxe4 Bxe4 53. Rxc4 d3+ 0-1

[Event "Chania op"]
[Site "Chania"]
[Date "1999.08.24"]
[Round "5"]
[White "Nicolitz, St"]
[Black "Dochev, Dimitar"]
[Result "1-0"]
[WhiteElo "2335"]
[BlackElo "2365"]
[PlyCount "67"]
[EventDate "1999.08.20"]
[EventType "swiss"]
[EventRounds "9"]
[EventCountry "GRE"]
[SourceTitle "EXT 2007"]
[Source "ChessBase"]
[SourceDate "2006.11.23"]
[SourceVersion "1"]
[SourceVersionDate "2006.11.23"]
[SourceQuality "1"]

1. Nf3 Nf6 2. d4 g6 3. c4 Bg7 4. Nc3 0-0 5. Bg5 d6 6. Qd2 Bg4 7. Ng1 Nc6 8. d5 Na5 9. e4 c5 10. f3 Bd7 11. Bd3 a6 12. Rc1 b5 13. b3 e6 14. Nge2 b4 15. Nd1 exd5 16. exd5 h6 17. Bxh6 Ne4 18. Qf4 g5 19. Qxe4 f5 20. Qe3 Bxh6 21. 0-0 Qf6 22. f4 g4 23. Qg3 Bg7 24. Nf2 Qh6 25. h3 Qh5 26. Rce1 Nb7 27. hxg4 fxg4 28. Qh2 Qxh2+ 29. Kxh2 Rae8 30. Ne4 Bf5 31. N2g3 Bh7 32. Nh5 Bd4 33. Nef6+ Bxf6 34. Rxe8 1-0

[Event "Chania op"]
[Site "Chania"]
[Date "1999.08.23"]
[Round "4"]
[White "Khetsuriani, Besarion"]
[Black "Nicolitz, St"]
[Result "1-0"]
[WhiteElo "2335"]
[BlackElo "2335"]
[PlyCount "55"]
[EventDate "1999.08.20"]
[EventType "swiss"]
[EventRounds "9"]
[EventCountry "GRE"]
[SourceTitle "EXT 2007"]
[Source "ChessBase"]
[SourceDate "2006.11.23"]
[SourceVersion "1"]
[SourceVersionDate "2006.11.23"]
[SourceQuality "1"]

1. d4 d5 2. c4 dxc4 3. Nf3 Nf6 4. e3 e6 5. Bxc4 a6 6. Bb3 c5 7. 0-0 Nc6 8. Nc3 b5 9. Qe2 Bb7 10. Rd1 c4 11. Bc2 Qb6 12. e4 Rd8 13. d5 Nb4 14. Be3 Qc7 15. dxe6 Rxd1+ 16. Rxd1 fxe6 17. Bb1 Be7 18. Nd4 Kf7 19. Nf3 Ng4 20. Ng5+ Bxg5 21. Qxg4 Bxe3 22. fxe3 Qb6 23. Qf4+ Kg6 24. e5+ Nd3 25. Rxd3 cxd3 26. Bxd3+ Kh5 27. g4+ Kh4 28. Qg3+ 1-0

[Event "Chania op"]
[Site "Chania"]
[Date "1999.08.22"]
[Round "3"]
[White "Nicolitz, St"]
[Black "Theofilopoulos, Aristotelis"]
[Result "1-0"]
[WhiteElo "2335"]
[BlackElo "2170"]
[PlyCount "146"]
[EventDate "1999.08.20"]
[EventType "swiss"]
[EventRounds "9"]
[EventCountry "GRE"]
[SourceTitle "EXT 2007"]
[Source "ChessBase"]
[SourceDate "2006.11.23"]
[SourceVersion "1"]
[SourceVersionDate "2006.11.23"]
[SourceQuality "1"]

1. e4 c5 2. Nc3 Nc6 3. f4 e6 4. Nf3 d6 5. d4 cxd4 6. Nxd4 a6 7. Nf3 Qc7 8. Be3 Nf6 9. Bd3 Be7 10. Qd2 Bd7 11. Na4 b5 12. Nb6 Rb8 13. Nxd7 Nxd7 14. c3 Na5 15. b3 Rc8 16. Rc1 Nc5 17. Bc2 Nd7 18. Bb1 Bf6 19. Nd4 Nc6 20. 0-0 0-0 21. Ne2 Rfd8 22. g4 Be7 23. Rf3 Nf8 24. h4 Qa5 25. b4 Qc7 26. h5 a5 27. a3 axb4 28. cxb4 Qb7 29. Bf2 Nb8 30. Rd1 Nbd7 31. g5 Nb6 32. Bxb6 Qxb6+ 33. Kg2 Qb7 34. Kg3 Rd7 35. Qb2 e5 36. h6 Ne6 37. Ba2 Qxe4 38. Bb1 Qb7 39. hxg7 exf4+ 40. Nxf4 Nxf4 41. Rxf4 Bxg5 42. Rg4 h6 43. Bf5 Re7 44. Bxc8 Re3+ 45. Kh2 Qxc8 46. Qd4 Re2+ 47. Rg2 Qc2 48. Rdg1 Rxg2+ 49. Rxg2 Qc1 50. Rf2 Qe1 51. Rc2 Qe6 52. Rg2 Be3 53. Qg4 Qe5+ 54. Kh3 Bg5 55. Re2 Qf6 56. Kg2 Kxg7 57. Rf2 Qe5 58. Qf5 Qe6 59. Rf3 Qe2+ 60. Kh3 Qc4 61. Qd3 Qe6+ 62. Kg2 Qg4+ 63. Rg3 Qe6 64. Qxb5 Qa2+ 65. Kg1 Qa1+ 66. Qf1 Qd4+ 67. Kg2 Qe4+ 68. Qf3 Qc2+ 69. Kh3 Qc8+ 70. Kh2 Qc2+ 71. Rg2 Qc4 72. Rf2 Qh4+ 73. Kg2 Qc4 1-0

[Event "Chania op"]
[Site "Chania"]
[Date "1999.08.21"]
[Round "2"]
[White "Skalkotas, Nikolaos"]
[Black "Nicolitz, St"]
[Result "0-1"]
[WhiteElo "2320"]
[BlackElo "2335"]
[PlyCount "186"]
[EventDate "1999.08.20"]
[EventType "swiss"]
[EventRounds "9"]
[EventCountry "GRE"]
[SourceTitle "EXT 2007"]
[Source "ChessBase"]
[SourceDate "2006.11.23"]
[SourceVersion "1"]
[SourceVersionDate "2006.11.23"]
[SourceQuality "1"]

1. d4 d5 2. Nf3 c6 3. c4 Nf6 4. Qb3 Qb6 5. c5 Qc7 6. Nc3 Nbd7 7. e4 dxe4 8. Ng5 e6 9. Bc4 Nd5 10. Ngxe4 Be7 11. Bg5 Bxg5 12. Nxg5 N7f6 13. 0-0 0-0 14. Rfe1 b6 15. Qc2 Qf4 16. Nf3 bxc5 17. Ne2 Nb4 18. Qa4 Qd6 19. dxc5 Qxc5 20. Rac1 Qb6 21. a3 Nbd5 22. b4 Bd7 23. Ne5 Be8 24. Qa5 Ne4 25. Qxb6 axb6 26. Nd4 Nef6 27. Ra1 Rc8 28. Rec1 c5 29. Ba6 Rc7 30. bxc5 bxc5 31. Nb3 Ra7 32. Nxc5 Ne4 33. Nxe4 Rxa6 34. Nc5 Ra7 35. a4 Nf4 36. Kf1 f6 37. Nc4 Bg6 38. g3 Nd3 39. Nxd3 Bxd3+ 40. Ke1 Rd8 41. Rd1 Rd4 42. Ne3 e5 43. Ra3 Rad7 44. a5 R7d6 45. Rda1 Ba6 46. Nf5 Re4+ 47. Re3 Rxe3+ 48. Nxe3 Rd4 49. Ra3 Kf7 50. Nc2 Re4+ 51. Kd2 h5 52. Rc3 Ra4 53. Ra3 Rg4 54. Kc3 Rc4+ 55. Kb3 Rc8 56. Nb4 Rb8 57. Kc3 Rc8+ 58. Kd2 Rd8+ 59. Kc2 Bb7 60. a6 Be4+ 61. Kc3 Ke6 62. a7 Kd6 63. Ra6+ Kc7 64. Re6 Kd7 65. Ra6 Ra8 66. Kc4 Bg2 67. Kc5 Rc8+ 68. Kb6 Ba8 69. Ra2 Rc1 70. Rd2+ Ke7 71. Nd5+ Kf7 72. Rd3 Rc6+ 73. Kb5 Rc1 74. Nb6 Bc6+ 75. Kb4 Ra1 76. Rc3 Rxa7 77. Rxc6 Ra2 78. h4 Rxf2 79. Rc3 Ke6 80. Nc4 Rg2 81. Rf3 Kd5 82. Kc3 Rg1 83. Nd2 e4 84. Rf5+ Ke6 85. Rxh5 Rxg3+ 86. Kd4 e3 87. Nc4 e2 88. Rh8 Rg4+ 89. Kd3 Rxc4 90. Kxe2 Kf5 91. Rh7 Kg6 92. Rh8 Rc5 93. Kf3 Rh5 0-1